La prenda civil y las prendas especiales

Saved in:
Bibliographic Details
Main Author: Lecaros Sánchez, José Miguel (Author)
Format: Book
Language:Spanish
Published: Santiago Sociedad Editora Metropolitana 1995
Subjects:
Tags: Add Tag
No Tags, Be the first to tag this record!

MARC

LEADER 00000nam a2200000 a 4500
001 UCZ2876
003 CL-VaPUC
008 951013e19950000CL |||||||||||||||||spa|d
082 0 4 |a 346.074  |b LEC  |2 21 
100 |a Lecaros Sánchez, José Miguel  |e author  |9 758925 
245 1 3 |a La prenda civil y las prendas especiales 
300 |a 254 p 
942 |c BK 
945 |d 19951013 00:00:00  |a rbrito 
260 |a Santiago  |b Sociedad Editora Metropolitana  |c 1995 
650 7 |a PRENDAS  |2 CL-VaPUC  |9 346658 
650 0 |a Derecho civil  |9 255013 
650 0 |a Jurisprudencia  |9 255952 
583 |a last modification  |c 20161026 05:55:58  |k Rodrigo Vera 
999 |c 239421  |d 239419 
952 |0 0  |1 0  |4 0  |6 346_074000000000000_LEC_1995  |7 0  |8 A  |9 250530  |a BIBDER  |b BIBDER  |d 2019-11-18  |i 3140865  |o 346.074 LEC 1995  |p 3140865  |r 2023-01-25  |w 2019-11-18  |y BK  |k DER